[Event "Sterlitamak-ch U19"]
[Site "Sterlitamak"]
[Date "2016.04.29"]
[Round "8.5"]
[White "Sagadeev, Ruzel"]
[Black "Suleimanov, Rafis"]
[Result "1/2-1/2"]
[WhiteElo "1576"]
[BlackElo "1035"]
[PlyCount "40"]
[EventDate "2016.04.11"]
[EventType "swiss"]
[EventRounds "9"]
[EventCountry "RUS"]
[SourceTitle "EXT 2022"]
[Source "ChessBase"]
[SourceDate "2021.10.06"]
[SourceVersion "1"]
[SourceVersionDate "2021.10.06"]
[SourceQuality "1"]

1. d4 Nf6 2. c4 e6 3. Nc3 Be7 4. Bf4 c5 5. Nf3 0-0 6. e3 b6 7. Qc2 Bb7 8. Be2 Nh5 9. 0-0 Nxf4 10. exf4 cxd4 11. Nxd4 Nc6 12. Rfd1 Qc7 13. g3 a6 14. f5 Rad8 15. fxe6 fxe6 16. Bd3 g6 17. Bxg6 hxg6 18. Qxg6+ Kh8 19. Qh6+ Kg8 20. Qg6+ Kh8 1/2-1/2

[Event "Sterlitamak-ch U19"]
[Site "Sterlitamak"]
[Date "2016.04.11"]
[Round "1.5"]
[White "Suleimanov, Rafis"]
[Black "Fakhritdinova, Elvina"]
[Result "0-1"]
[WhiteElo "1035"]
[BlackElo "1531"]
[PlyCount "104"]
[EventDate "2016.04.11"]
[EventType "swiss"]
[EventRounds "9"]
[EventCountry "RUS"]
[SourceTitle "EXT 2022"]
[Source "ChessBase"]
[SourceDate "2021.10.06"]
[SourceVersion "1"]
[SourceVersionDate "2021.10.06"]
[SourceQuality "1"]

1. e4 c6 2. c4 e5 3. Nf3 d6 4. Nc3 Bg4 5. Be2 Nf6 6. 0-0 Be7 7. d3 0-0 8. h3 Bxf3 9. Bxf3 h6 10. Be3 c5 11. Re1 Nc6 12. Ne2 a6 13. Ng3 Ne8 14. Qd2 Bg5 15. Bxg5 Qxg5 16. Qxg5 hxg5 17. Ne2 Nc7 18. Bg4 Rfd8 19. Rac1 Nb4 20. Red1 Nxa2 21. Ra1 Nb4 22. Nc1 Nc2 23. Ra2 Nd4 24. Ne2 Nxe2+ 25. Bxe2 Ne6 26. Bg4 Nd4 27. Rd2 b5 28. cxb5 axb5 29. Rxa8 Rxa8 30. Bd7 Ra7 31. Bg4 Ra2 32. Be2 Ra1+ 33. Bf1 g6 34. f3 Kf8 35. Kf2 Ke7 36. g3 Nxf3 37. Kxf3 Rxf1+ 38. Kg2 Ra1 39. Rc2 Rd1 40. b4 cxb4 41. Rc7+ Ke6 42. Rb7 Rxd3 43. Rxb5 b3 44. Rb4 Rd2+ 45. Kf3 Rb2 46. g4 Rb1 47. Ke2 b2 48. Kd2 Rh1 49. Rxb2 Rh2+ 50. Kc3 Rxb2 51. Kxb2 d5 52. exd5+ Kxd5 0-1